• 首页
  • 本馆介绍
  • 公告通知
  • 最新文献
  • 馆藏检索
  • 电子资源
  • 读者导购
  • 参考咨询
  • 我的图书馆
  • 登录
  • 详细信息显示
  • 放入我的书架
  • 预约/预借图书
  • 作者相关作品
  • 分类相关作品
  • 丛书相关作品
  • 出版社相关作品

书目信息

  • 表格格式
  • 工作单格式
  • 卡片格式
题名:
香港掌故
    
 
作者: 子羽 编著
分册: 第2集  
出版信息: 广州   广东人民出版社  1985
页数: 150页
开本: 20cm
丛书名:
单 册:
中图分类: K296.58
科图分类:
主题词: 地方志--香港
电子资源:
ISBN: 11111.161
000 00664nam0 2200253 450
001 0185009104
005 20100712221208.0
010    @a11111.161@dCNY1.00
091    @a11111.161
100    @a19901008d1985 emky0chiy0110 ea
101 0  @achi
102    @aCN@b440000
105    @ay z 000yd
106    @ar
200 1  @a香港掌故@9Xiang Gang Zhang Gu @f子羽编著@h第2集
210    @a广州@c广东人民出版社@d1985
215    @a150页@d20cm
300    @a原出版者: 香港上海书局
606 0  @a地方志@y香港
610 0  @a掌故
690    @aK296.58@v3
701  0 @a子羽@9zi yu@4编著
801  0 @aCN@bAzMarc@c20130904
905    @aBZT@dK296.58@e172:2@f10@sK296.58/172:2
    
    香港掌故/子羽编著.第2集.-广州:广东人民出版社,1985
    150页;20cm
    原出版者: 香港上海书局
    
    ISBN 11111.161:CNY1.00
    
●
相关链接 在五车中查询图书 在当当中查询图书 在豆瓣中查询图书


正题名:香港掌故     索取号:K296.58/172:2         预约/预借

序号 登录号 条形码 馆藏地/架位号 状态 备注
1 2000145131   2000145131   旧书回溯/ [索取号:K296.58/172:2] 在馆    
2 2000145132   2000145132   旧书回溯/ [索取号:K296.58/172:2] 在馆    
3 2000145338   2000145338   旧书回溯/ [索取号:K296.58/172:2] 在馆    
4 2000145339   2000145339   旧书回溯/ [索取号:K296.58/172:2] 在馆    
5 2000145340   2000145340   旧书回溯/ [索取号:K296.58/172:2] 在馆    
6 2000145341   2000145341   旧书回溯/ [索取号:K296.58/172:2] 在馆    
7 2000145342   2000145342   旧书回溯/ [索取号:K296.58/172:2] 在馆    
8 2000145343   2000145343   旧书回溯/ [索取号:K296.58/172:2] 在馆    
9 2000145344   2000145344   旧书回溯/ [索取号:K296.58/172:2] 在馆    
10 2000145345   2000145345   旧书回溯/ [索取号:K296.58/172:2] 在馆    
山东省滨州职业学院图书馆 欢迎您!
大连网信软件有限公司© 版权所有